Cơ sở khoa học trong công nghệ bảo vệ môi trường Tập 3 Các quá trình hóa học trong công nghệ môi trường
Tập 1: Sinh thái học và môi trường Tập 2: Cơ sở vi sinh trong công nghệ môi trường Tập 3: Các quá trình hóa học trong công nghệ môi trường Tập 4: Mô hình hóa quá trình thiết bị công nghệ môi trường...
Đã lưu trong:
| 主要作者: | |
|---|---|
| 其他作者: | , , |
| 格式: | 圖書 |
| 語言: | Vietnamese |
| 出版: |
H.
Giáo dục
2009
|
| 主題: | |
| 標簽: |
添加標簽
沒有標簽, 成為第一個標記此記錄!
|
| Thư viện lưu trữ: | Thư viện Trường Đại học Nam Cần Thơ |
|---|
| LEADER | 01349nam a22002297a 4500 | ||
|---|---|---|---|
| 001 | NCT_17715 | ||
| 008 | 171107b xxu||||| |||| 00| 0 vie d | ||
| 999 | |c 841 |d 841 | ||
| 020 | |c 103000 | ||
| 082 | 0 | 4 | |2 23rd ed. |a 577.14 |b A107 |
| 100 | 1 | |a Lương Đước Phẩm |e Tổng chủ biên | |
| 245 | 1 | 0 | |a Cơ sở khoa học trong công nghệ bảo vệ môi trường |n Tập 3 |p Các quá trình hóa học trong công nghệ môi trường |c Lương Đức Phẩm (tổng chủ biên), Lê Văn Cát (chủ biên) |
| 260 | |a H. |b Giáo dục |c 2009 | ||
| 300 | |a 512 tr. |b Minh họa |c 24 cm | ||
| 520 | |a Tập 1: Sinh thái học và môi trường Tập 2: Cơ sở vi sinh trong công nghệ môi trường Tập 3: Các quá trình hóa học trong công nghệ môi trường Tập 4: Mô hình hóa quá trình thiết bị công nghệ môi trường | ||
| 653 | |a Kỹ thuật môi trường | ||
| 700 | |a Lê Văn Cát(chủ biên) | ||
| 700 | |a Dương Hồng Anh | ||
| 700 | |a lê Quốc Hùng | ||
| 942 | |2 ddc |c BK | ||
| 952 | |0 0 |1 0 |2 ddc |4 0 |6 577_140000000000000_A107 |7 0 |9 2765 |a 000001 |b 000001 |d 2017-11-07 |o 577.14 A107 |p MD.04107 |r 2017-11-07 |v 103000.00 |w 2017-11-07 |y BK | ||
| 980 | |a Thư viện Trường Đại học Nam Cần Thơ | ||